00529 a2200169 450000100060000002000150000604000220002110000340004324000610007724500560013830000070019436200090020165000160021094200070022695201090023399900170034260609 a8523201912 cAnchieta - Pituba aSandigursky, Clésia Andrade10aVitimização sexual em crianças e adolescenteslpor10aVitimização sexual em crianças e adolescentes a840 a1999 4aViolência cBK 00104070a91.1b91.1d2023-11-21l0o364 S217v SAN VITp12347/PITr2023-11-21 18:28:43w2023-11-21yBK c60609d60609